Biologie - Choix Multiple - Statistiques

Statistiques générales
  • Ce quiz a été pris 713 fois
  • Le résultat moyen est 4 sur 15
Statistiques - réponses
Question Réponse % Correct
Quel type de placenta n'existe pas ? Musculo-chorial
56%
La truie a un temps de gestation de (en moyenne) : 115 jours
44%
Le cloaque des oiseaux est divisé en : 3 parties
41%
Le développement des canaux de Wolff précède la naissance : D'un mâle
41%
Le tissu le plus dur de l'organisme est : L'émail
37%
La vache possède : 13 paires de côtes
35%
Quelle race n'est pas une race de mouton ? Mangalitsa
27%
Il y a 4 estomacs chez la vache, lequel est le dernier du tractus digestif ? Caillette
26%
Le pigeon produit le lait de jabot pour le petit. Qui le produit ? Les 2
24%
On trouve la bourse de Fabricius chez : Les oiseaux
21%
La rétine est composée de : 10 couches de cellules
15%
On trouve la veine basilique au niveau : du membre thoracique
13%
Chez quel animal trouve-t-on les dents de loup ? Cheval
12%
On trouve la poche gutturale chez : Le cheval
9%
Combien de sacs aériens possèdent les oiseaux ? 9
6%
Aucun quiz correspondant
Distribution des résultats
% des personnes avec chaque résultat
Percentile par nombre de réponses
Votre historique - résultats
Vous n’avez pas pris ce quiz